|
|
|
|
| LEADER |
00000nab a2200000 4500 |
| 001 |
vtls012154413 |
| 003 |
SK-MaSNL |
| 005 |
20260304171912.0 |
| 008 |
221121|2020 xo |||| ||an ||00 0|slo |
| 015 |
|
|
|a SNBRB2022/11
|
| 040 |
|
|
|a SPKCL
|b slo
|e rda
|
| 041 |
|
|
|a slo
|b slo
|
| 044 |
|
|
|a xo
|c SK
|
| 072 |
|
7 |
|a 377
|x Odborné vzdelávanie
|2 konspekt
|
| 080 |
|
|
|a 616-083.98
|2 2011
|
| 080 |
|
|
|a 616-089.5
|2 2011
|
| 080 |
|
|
|a 377.4/.8
|2 2011
|
| 100 |
1 |
|
|a Rybárová, Zuzana,
|d 1975-
|4 aut
|9 243580
|
| 245 |
1 |
0 |
|a Ďalšie vzdelávanie v odbore anestéziológia a intenzívna starostlivosť
|c Zuzana Rybárová
|
| 336 |
|
|
|a text
|b txt
|2 rdacontent
|
| 337 |
|
|
|a bez média
|b n
|2 rdamedia
|
| 338 |
|
|
|a zväzok
|b nc
|2 rdacarrier
|
| 504 |
|
|
|a Obsahuje bibliografiu
|
| 546 |
|
|
|a Slovenské resumé
|
| 650 |
0 |
7 |
|a ďalšie vzdelávanie
|2 SNKPH
|9 4032
|
| 650 |
0 |
7 |
|a anestéziológia
|2 konspekt
|9 2179
|
| 650 |
0 |
7 |
|a intenzívna starostlivosť
|2 konspekt
|9 66540
|
| 773 |
0 |
|
|t Sestra
|g Roč. XIX, č. 1-2 (2020), s. 4-6
|x 1335-9444
|
| 958 |
|
|
|a NB
|
| 999 |
|
|
|c 2995487
|d 2997417
|